[Event "Quenza op 12th"]
[Site "Quenza"]
[Date "2023.07.23"]
[Round "2"]
[White "Bellahcene, Bilel"]
[Black "Buchta, Agnieszka"]
[Result "1-0"]
[WhiteElo "2520"]
[BlackElo "1807"]
[PlyCount "53"]
[EventDate "2023.07.23"]
[EventType "swiss"]
[EventRounds "9"]
[EventCountry "FRA"]
[SourceTitle "CBM 215 Extra"]
[Source "ChessBase"]
[SourceDate "2023.09.30"]
[SourceVersion "1"]
[SourceVersionDate "2023.09.30"]
[SourceQuality "1"]

1. e4 e5 2. Nf3 Nc6 3. Bb5 a6 4. Ba4 Nf6 5. 0-0 b5 6. Bb3 Be7 7. d3 d6 8. a3 0-0 9. Nc3 Na5 10. Ba2 c5 11. b4 Nc6 12. Nd5 h6 13. h3 Re8 14. Be3 Bf8 15. Nd2 Rb8 16. Nxf6+ Qxf6 17. Bd5 Bb7 18. f4 Qe7 19. f5 cxb4 20. f6 gxf6 21. Qg4+ Kh7 22. Qf5+ Kh8 23. Qh5 Kh7 24. Bxf7 Rec8 25. Bxh6 Bxh6 26. Qg6+ Kh8 27. Qxh6# 1-0

[Event "POL-chT 2nd League"]
[Site "Jastrzebia Gora"]
[Date "2022.09.11"]
[Round "9.124"]
[White "Buchta, Agnieszka"]
[Black "Zalucka, Emilia"]
[Result "1/2-1/2"]
[WhiteElo "1893"]
[BlackElo "1541"]
[PlyCount "35"]
[EventDate "2022.09.03"]
[EventType "team-swiss"]
[EventRounds "9"]
[EventCountry "POL"]
[SourceTitle "CBM 210 Extra"]
[Source "ChessBase"]
[SourceDate "2022.11.30"]
[SourceVersion "1"]
[SourceVersionDate "2022.11.30"]
[SourceQuality "1"]
[WhiteTeam "Marklowice Hetman"]
[BlackTeam "Choszczno Skoczek"]
[WhiteTeamCountry "POL"]
[BlackTeamCountry "POL"]

1. e4 e5 2. Nf3 Nc6 3. d4 exd4 4. Bc4 Bc5 5. c3 Nf6 6. e5 d5 7. Bb5 Ne4 8. cxd4 Bb6 9. Nc3 0-0 10. Be3 Bf5 11. Qb3 Nxc3 12. Bxc6 Ne4 13. Bxd5 Ba5+ 14. Kf1 c6 15. Bc4 b5 16. Bd3 Nc5 17. dxc5 Bxd3+ 18. Kg1 1/2-1/2

[Event "POL-chT 2nd League"]
[Site "Jastrzebia Gora"]
[Date "2022.09.07"]
[Round "5.126"]
[White "Buchta, Agnieszka"]
[Black "Krysztopa Czuprynska, Barbara"]
[Result "0-1"]
[WhiteElo "1893"]
[BlackElo "1636"]
[PlyCount "92"]
[EventDate "2022.09.03"]
[EventType "team-swiss"]
[EventRounds "9"]
[EventCountry "POL"]
[SourceTitle "CBM 210 Extra"]
[Source "ChessBase"]
[SourceDate "2022.11.30"]
[SourceVersion "1"]
[SourceVersionDate "2022.11.30"]
[SourceQuality "1"]
[WhiteTeam "Marklowice Hetman"]
[BlackTeam "Olsztyn Trzydziestka"]
[WhiteTeamCountry "POL"]
[BlackTeamCountry "POL"]

1. e4 d5 2. exd5 Nf6 3. d4 Bg4 4. Nf3 Qxd5 5. Be2 Nc6 6. 0-0 e6 7. Be3 Be7 8. h3 Bh5 9. c4 Qd8 10. Nc3 0-0 11. Qd2 Bg6 12. Rad1 Ne4 13. Nxe4 Bxe4 14. a3 Bf6 15. b4 Ne7 16. g4 Ng6 17. Ng5 Bc6 18. b5 Bd7 19. Ne4 Be7 20. Nc5 Bc8 21. Bf3 Rb8 22. Qa5 a6 23. bxa6 bxa6 24. Nxa6 Bxa6 25. Qxa6 Bg5 26. Bxg5 Qxg5 27. Qc6 Rb3 28. a4 Nf4 29. Bg2 Nxh3+ 30. Bxh3 Rxh3 31. Qg2 Qh4 32. a5 f5 33. g5 f4 34. f3 Rg3 35. Rf2 Qxg5 36. d5 exd5 37. Rxd5 Qf6 38. Kh2 Rxg2+ 39. Rxg2 Qh4+ 40. Kg1 Re8 41. Rd1 Re1+ 42. Rxe1 Qxe1+ 43. Kh2 Qxa5 44. Rc2 Qh5+ 45. Kg2 Qg6+ 46. Kf2 Qxc2+ 0-1

[Event "POL-ch Academic (Women)"]
[Site "Chorzow"]
[Date "2022.04.01"]
[Round "4"]
[White "Buchta, Agnieszka"]
[Black "Antolak, Julia"]
[Result "0-1"]
[WhiteElo "1605"]
[BlackElo "2115"]
[PlyCount "45"]
[EventDate "2022.04.01"]
[EventType "swiss (rapid)"]
[EventRounds "9"]
[EventCountry "POL"]
[SourceTitle "EXT 2024"]
[Source "ChessBase"]
[SourceDate "2023.10.10"]
[SourceVersion "1"]
[SourceVersionDate "2023.10.10"]
[SourceQuality "1"]

1. e4 c5 2. Nf3 e6 3. d4 cxd4 4. Nxd4 Nf6 5. Bd3 Nc6 6. Nxc6 bxc6 7. 0-0 Be7 8. e5 Nd5 9. a3 d6 10. c4 Nb6 11. exd6 Bxd6 12. Nc3 Qc7 13. h3 Bb7 14. Qg4 Rd8 15. Qxg7 Be5 16. Qh6 Rxd3 17. Ne4 c5 18. Nf6+ Bxf6 19. Qxf6 Rg8 20. Bg5 h6 21. Qxh6 Qe5 22. Rad1 Rxd1 23. Rxd1 0-1

[Event "EU-ch Rapid"]
[Site "Katowice"]
[Date "2021.12.18"]
[Round "1"]
[White "Papasimakopoulos, Alexandros"]
[Black "Buchta, Agnieszka"]
[Result "1-0"]
[WhiteElo "2259"]
[BlackElo "1919"]
[PlyCount "67"]
[EventDate "2021.12.18"]
[EventType "swiss (rapid)"]
[EventRounds "11"]
[EventCountry "POL"]
[SourceTitle "CBM 205 Extra"]
[Source "ChessBase"]
[SourceDate "2022.01.31"]
[SourceVersion "1"]
[SourceVersionDate "2022.01.31"]
[SourceQuality "1"]

1. d4 Nf6 2. c4 e6 3. Nc3 Bb4 4. Qc2 Bxc3+ 5. Qxc3 Ne4 6. Qc2 f5 7. Nh3 b6 8. f3 Nf6 9. e3 Bb7 10. Be2 d6 11. 0-0 Nbd7 12. Bd2 Qe7 13. b4 h6 14. Nf4 Kf7 15. d5 e5 16. Ne6 g6 17. e4 f4 18. Nxc7 Rac8 19. Nb5 a6 20. Na7 Rc7 21. Qa4 Nb8 22. b5 Bxd5 23. cxd5 Rxa7 24. bxa6 Rc8 25. Rfc1 Rcc7 26. Rxc7 Qxc7 27. Rc1 Qd8 28. Bb4 Ke7 29. Qa3 Ne8 30. Qc3 Nc7 31. Qxe5+ Kf7 32. Qxf4+ Kg7 33. Bxd6 Nbxa6 34. Be5+ 1-0

[Event "Bydgoszcz PGNiG Blitz"]
[Site "Bydgoszcz"]
[Date "2021.09.19"]
[Round "1"]
[White "Buchta, Agnieszka"]
[Black "Cyborowski, Lukasz"]
[Result "0-1"]
[WhiteElo "1919"]
[BlackElo "2495"]
[PlyCount "35"]
[EventDate "2021.09.19"]
[EventType "swiss (blitz)"]
[EventRounds "13"]
[EventCountry "POL"]
[SourceTitle "CBM 204 Extra"]
[Source "ChessBase"]
[SourceDate "2021.11.30"]
[SourceVersion "1"]
[SourceVersionDate "2021.11.30"]
[SourceQuality "1"]

1. e4 c5 2. Nc3 e6 3. f4 a6 4. d3 d5 5. Nf3 Nc6 6. g3 Nf6 7. Bg2 Be7 8. 0-0 0-0 9. Kh1 b5 10. Qe2 Bb7 11. h3 dxe4 12. dxe4 Nd4 13. Nxd4 cxd4 14. Nd1 Rc8 15. c3 dxc3 16. Nxc3 b4 17. Nb1 Qd4 18. Nd2 0-1

[Event "EU-ch U18 Girls"]
[Site "Bratislava"]
[Date "2019.08.06"]
[Round "5"]
[White "Nilssen, Ellen Fredericia"]
[Black "Buchta, Agnieszka"]
[Result "1-0"]
[WhiteElo "2140"]
[BlackElo "1844"]
[PlyCount "107"]
[EventDate "2019.08.02"]
[EventType "swiss"]
[EventRounds "9"]
[EventCountry "SVK"]
[SourceTitle "CBM 191 Extra"]
[Source "ChessBase"]
[SourceDate "2019.09.30"]
[SourceVersion "1"]
[SourceVersionDate "2019.09.30"]
[SourceQuality "1"]

1. d4 Nf6 2. c4 d6 3. Nc3 Nbd7 4. e4 e5 5. d5 Nc5 6. Bd3 a5 7. Nge2 Be7 8. f3 h6 9. Be3 Nh7 10. Bc2 0-0 11. 0-0 Bg5 12. f4 exf4 13. Bxc5 dxc5 14. Qd3 Qe7 15. Nxf4 Bxf4 16. Rxf4 Qe5 17. Raf1 Ra6 18. Qe3 Rg6 19. Kh1 b6 20. b3 Nf6 21. Nb1 Ng4 22. Qe2 Rf6 23. g3 g5 24. Rxf6 Nxf6 25. Nd2 g4 26. Kg2 Kg7 27. Qe3 Re8 28. Re1 Re7 29. a3 Nd7 30. Rf1 Nf8 31. b4 axb4 32. axb4 cxb4 33. c5 bxc5 34. Qxc5 Ng6 35. Qxb4 Qd6 36. Qd4+ Qe5 37. Qd3 Qh5 38. Kg1 Ne5 39. Qa3 Qg5 40. Rf2 Re8 41. Qc3 Qe7 42. Nb3 f6 43. Nd4 Rf8 44. Ba4 Rf7 45. Rc2 Kg6 46. Kg2 Ba6 47. Ne6 Bc8 48. Nxc7 f5 49. Be8 fxe4 50. Qe3 Bf5 51. Bxf7+ Qxf7 52. Ra2 Nc4 53. Ra6+ Kg7 54. Qxh6+ 1-0

[Event "EU-ch U18 Girls"]
[Site "Bratislava"]
[Date "2019.08.02"]
[Round "1"]
[White "Buchta, Agnieszka"]
[Black "Radeva, Viktoria"]
[Result "0-1"]
[WhiteElo "1844"]
[BlackElo "2218"]
[PlyCount "66"]
[EventDate "2019.08.02"]
[EventType "swiss"]
[EventRounds "9"]
[EventCountry "SVK"]
[SourceTitle "CBM 191 Extra"]
[Source "ChessBase"]
[SourceDate "2019.09.30"]
[SourceVersion "1"]
[SourceVersionDate "2019.09.30"]
[SourceQuality "1"]

1. e4 c5 2. Nf3 e6 3. d4 cxd4 4. Nxd4 a6 5. Be2 Qc7 6. Nc3 b5 7. Bf3 Bb7 8. 0-0 Nc6 9. Bg5 Bc5 10. Nxc6 dxc6 11. e5 Qxe5 12. Ne4 Nf6 13. Nxf6+ gxf6 14. Bh4 Qd4 15. Qxd4 Bxd4 16. c3 Be5 17. a4 Ke7 18. Be4 Rhg8 19. h3 Bf4 20. Ra2 Rgd8 21. Rfa1 h6 22. Kf1 Bd6 23. Ke2 b4 24. cxb4 Bxb4 25. b3 a5 26. Rc1 Rd4 27. Ke3 Rad8 28. Rcc2 e5 29. g4 R8d6 30. Bg3 Ba6 31. Rxc6 Rxe4+ 32. Kxe4 Rxc6 33. f4 Rc3 0-1

[Event "Raciborz op 19th"]
[Site "Raciborz"]
[Date "2019.02.09"]
[Round "2"]
[White "Polok, Kacper"]
[Black "Buchta, Agnieszka"]
[Result "1-0"]
[WhiteElo "2311"]
[BlackElo "1811"]
[PlyCount "79"]
[EventDate "2019.02.09"]
[EventType "swiss"]
[EventRounds "9"]
[EventCountry "POL"]
[SourceTitle "CBM 188 Extra"]
[Source "ChessBase"]
[SourceDate "2019.02.26"]
[SourceVersion "1"]
[SourceVersionDate "2019.02.26"]
[SourceQuality "1"]

1. e4 e5 2. Nf3 Nc6 3. Bb5 a6 4. Ba4 Nf6 5. Qe2 b5 6. Bb3 Be7 7. c3 d6 8. 0-0 0-0 9. Rd1 Na5 10. Bc2 c5 11. d4 Qc7 12. d5 Bd7 13. Nbd2 g6 14. Nf1 Rfb8 15. Bg5 Kg7 16. b3 Ng8 17. Bd2 f6 18. h3 Nb7 19. g4 Nd8 20. Ng3 Nf7 21. Kh2 Kh8 22. Nh4 Bf8 23. Rg1 Bh6 24. Raf1 Bxd2 25. Qxd2 Qd8 26. Ng2 Qe7 27. Ne3 Rf8 28. f3 Ngh6 29. Rf2 g5 30. Rh1 Rg8 31. Kg1 Qf8 32. Rfh2 Qg7 33. h4 Raf8 34. Kf1 Bc8 35. Ke1 gxh4 36. Rxh4 Ng5 37. Bd1 Nhf7 38. Qh2 Re8 39. Nh5 Qg6 40. Nxf6 1-0

[Event "Krakow op-B 29th"]
[Site "Krakow"]
[Date "2019.01.03"]
[Round "8"]
[White "Alhejab, Meshal"]
[Black "Buchta, Agnieszka"]
[Result "0-1"]
[WhiteElo "1497"]
[BlackElo "1856"]
[PlyCount "76"]
[EventDate "2018.12.27"]
[EventType "swiss"]
[EventRounds "9"]
[EventCountry "POL"]
[SourceTitle "CBM 189 Extra"]
[Source "ChessBase"]
[SourceDate "2019.06.03"]
[SourceVersion "1"]
[SourceVersionDate "2019.06.03"]
[SourceQuality "1"]

1. e4 e5 2. Nf3 Nc6 3. Bb5 a6 4. Bxc6 dxc6 5. 0-0 Ne7 6. d4 exd4 7. Qxd4 Qxd4 8. Nxd4 Bd7 9. Bf4 0-0-0 10. Nd2 Ng6 11. Bg3 h5 12. h3 Bxh3 13. N2b3 Bd7 14. f4 h4 15. Be1 f6 16. f5 Ne5 17. Nf3 Nxf3+ 18. gxf3 Bd6 19. f4 Rde8 20. Nd2 c5 21. Kg2 Bc6 22. Kf3 b6 23. Rh1 h3 24. Bg3 Rh5 25. Kg4 Reh8 26. Rh2 R5h6 27. Rah1 g6 28. fxg6 Rxg6+ 29. Kf3 Rgh6 30. f5 Kd7 31. Bxd6 Kxd6 32. Nc4+ Kd7 33. Nd2 Rh4 34. c3 b5 35. Re1 Kd6 36. Nf1 Ke5 37. Ng3 Rg8 38. Rhe2 Rf4+ 0-1

[Event "Krakow op-B 29th"]
[Site "Krakow"]
[Date "2018.12.30"]
[Round "5"]
[White "Buchta, Agnieszka"]
[Black "Kosturkiewicz, Jacek"]
[Result "1/2-1/2"]
[WhiteElo "1856"]
[BlackElo "1972"]
[PlyCount "65"]
[EventDate "2018.12.27"]
[EventType "swiss"]
[EventRounds "9"]
[EventCountry "POL"]
[SourceTitle "CBM 189 Extra"]
[Source "ChessBase"]
[SourceDate "2019.06.03"]
[SourceVersion "1"]
[SourceVersionDate "2019.06.03"]
[SourceQuality "1"]

1. e4 c5 2. Nf3 d6 3. d4 cxd4 4. Nxd4 Nf6 5. Nc3 g6 6. Be2 Bg7 7. 0-0 Nc6 8. Nb3 0-0 9. Re1 Be6 10. Bg5 Rc8 11. Bf1 Re8 12. Nd5 Bxd5 13. exd5 Na5 14. c3 Nc4 15. Bxc4 Rxc4 16. Qd3 Rc7 17. Bxf6 Bxf6 18. h3 a6 19. Re4 e5 20. dxe6 fxe6 21. Rd1 d5 22. Re2 Kf7 23. Red2 Qc8 24. Qe3 Ree7 25. Nd4 Rc4 26. Nf3 Kg7 27. Re2 Re4 28. Qd3 Qc4 29. Qxc4 Rxc4 30. Rde1 Kf7 31. Ne5+ Bxe5 32. Rxe5 Kf6 33. R1e2 1/2-1/2

[Event "Wch U18 Girls"]
[Site "Porto Carras"]
[Date "2018.10.30"]
[Round "11.25"]
[White "Buchta, Agnieszka"]
[Black "Prakapuk, Vera"]
[Result "0-1"]
[WhiteElo "1879"]
[BlackElo "1949"]
[PlyCount "144"]
[EventDate "2018.10.20"]
[EventType "swiss"]
[EventRounds "11"]
[EventCountry "GRE"]
[SourceTitle "CBM 187 Extra"]
[Source "ChessBase"]
[SourceDate "2018.11.04"]
[SourceVersion "1"]
[SourceVersionDate "2018.11.04"]
[SourceQuality "1"]

1. e4 c6 2. d4 d5 3. e5 Bf5 4. c4 e6 5. Nc3 Ne7 6. a3 dxc4 7. Bxc4 Nd7 8. Nge2 Nb6 9. Bb3 Qd7 10. 0-0 Bg6 11. Be3 Nf5 12. Qd2 Be7 13. Nf4 0-0 14. g3 c5 15. d5 c4 16. Ba2 Nxe3 17. Qxe3 exd5 18. Rfd1 Bg5 19. b3 Bxf4 20. Qxf4 Qc6 21. Rac1 Bd3 22. Rd2 Rae8 23. Ne2 Qg6 24. Qd4 Qe4 25. Qxe4 Bxe4 26. bxc4 dxc4 27. Bxc4 Nxc4 28. Rxc4 Rxe5 29. f4 Ree8 30. Nc3 Bc6 31. a4 g6 32. Kf2 Kg7 33. Nb5 a6 34. Nd6 Rd8 35. Rcd4 Kg8 36. a5 Rd7 37. Nf5 Rxd4 38. Ne7+ Kg7 39. Rxd4 Bb5 40. Nd5 Rc8 41. g4 Rc2+ 42. Kg3 Ra2 43. g5 Rxa5 44. Nf6 Ra3+ 45. Kh4 Rd3 46. Re4 Bd7 47. Nxd7 Rxd7 48. Kg4 Rd2 49. Re7 b5 50. Ra7 Ra2 51. h4 b4 52. h5 gxh5+ 53. Kxh5 b3 54. f5 Rh2+ 55. Kg4 b2 56. Rb7 a5 57. Rb8 Rg2+ 58. Kh5 Rh2+ 59. Kg4 h5+ 60. Kg3 Rc2 61. Rb7 a4 62. g6 a3 63. Rxf7+ Kg8 64. Rb7 a2 65. f6 b1Q 66. Rg7+ Kf8 67. Rf7+ Ke8 68. Re7+ Kd8 69. g7 Qg1+ 70. Kf4 Qg4+ 71. Ke3 Re2+ 72. Kd3 Rxe7 0-1

[Event "Lazy op 14th"]
[Site "Lazy"]
[Date "2018.06.24"]
[Round "1"]
[White "Wisniewski, Michal"]
[Black "Buchta, Agnieszka"]
[Result "1-0"]
[WhiteElo "2204"]
[BlackElo "1810"]
[PlyCount "103"]
[EventDate "2018.06.24"]
[EventType "swiss"]
[EventRounds "9"]
[EventCountry "POL"]
[SourceTitle "CBM 185 Extra"]
[Source "ChessBase"]
[SourceDate "2018.07.29"]
[SourceVersion "1"]
[SourceVersionDate "2018.07.29"]
[SourceQuality "1"]

1. c3 d5 2. Nf3 Nf6 3. c4 e6 4. g3 Be7 5. Bg2 0-0 6. 0-0 c5 7. cxd5 exd5 8. d4 c4 9. Nc3 Nc6 10. Ne5 Bf5 11. Bg5 Ne4 12. Bxe7 Nxc3 13. Nxc6 bxc6 14. bxc3 Qxe7 15. Qa4 Rfc8 16. Rfe1 Rab8 17. e4 dxe4 18. Qxc4 Rb2 19. Qa6 Rc7 20. Rab1 Rxb1 21. Rxb1 h6 22. Re1 Qe6 23. c4 Rd7 24. Qc8+ Kh7 25. Bxe4 Bxe4 26. Rxe4 Qxe4 27. Qxd7 Qe1+ 28. Kg2 Qe4+ 29. Kh3 f5 30. f4 Qd3 31. Qxc6 Qf1+ 32. Qg2 Qxc4 33. Qf2 Qd5 34. g4 fxg4+ 35. Kxg4 Kg6 36. Kg3 Kf5 37. Qc2+ Kf6 38. Qd2 Kf5 39. h4 Ke4 40. Qe2+ Kxd4 41. Qe7 Qxa2 42. Qxg7+ Ke4 43. Qe5+ Kd3 44. f5 a5 45. f6 Qa3 46. Qe7 Qa1 47. f7 Qg1+ 48. Kf4 Qf2+ 49. Ke5 Qe3+ 50. Kf6 Qf4+ 51. Kg7 Qg4+ 52. Kh7 1-0